000 00394nab a22001097u 4500
008 130520b2006 xxu||||| |||| 00| 0 spa d
041 _aspa
100 1 _aÁlvarez de los Mozos, Patxi
_970697
245 0 0 _a¿Deporte o deportes?: haz y envés de un fenómeno polifacético
_cPatxi Álvarez De Los Mozos
773 0 _tSal Terrae
_gV.94, nº1105,2006,págs. 711-724
_x0211-4569
_wRev410
942 _cAR
999 _c378874
_d378874